000 00360nam a2200133Ia 4500
008 240624s9999 xx 000 0 und d
041 _aeng
082 _a659.1 TWI
100 _aTWITCHELL JAMES B
245 _aADCULT USA THE TRIUMPH OF ADVERTISING IN
260 _c1996
_aNew York
_bColumbia University Press
300 _a279 : p. : cm. ; 22
365 _c
_b26
999 _c22726
_d22726